| 000 | 01098cam a2200217 4500 | ||
|---|---|---|---|
| 001 | X121229 | ||
| 008 | 030204n2003 000 0 eng u | ||
| 035 | _a(Sirsi) u121229 | ||
| 245 | _aFSA to decide on the future of professional indemnity insurance | ||
| 260 | _c2003 | ||
| 490 |
_aFSA Press Release _v(019/2003) 3 February 2003, (2) |
||
| 520 | _aFinancial Services Authority (FSA) publishes a consultation paper (CP 169) for personal investment firms. It is aimed at formalising the short-term modifications made to its rules in November 2002. Some IFAs were having difficulty in obtaining compliant cover and this is designed to increase availability in the Professional Indemnity Insurance market for this sector. The FSA has tried to reflect as many of the views of market participants as it could. | ||
| 590 | _aWB | ||
| 650 | _aFINANCIAL SERVICES AUTHORITY | ||
| 650 | _aPROFESSIONAL INDEMNITY INSURANCE | ||
| 650 | _aINVESTMENT BUSINESS | ||
| 650 | _aINVESTMENT COMPANIES | ||
| 650 | _aCOMPANIES | ||
| 690 | _aMANAGEMENT-BUSINESS MANAGEMENT-FINANCIAL MANAGEMENT | ||
| 942 | _n0 | ||
| 999 |
_c72045 _d72045 |
||